000 005800000a22002170004500
999 _c48964
_d48964
001 1808
003 CO-MdFUSB
005 20180425125506.0
008 180425b xxu||||| |||| 00| 0 eng d
020 _a958-30-0532-0
040 _cCO-MdBIC
082 0 4 _a986 P69pc
100 1 _aPlazas Vega, Alfonso
245 1 0 _aPresidentes de Colombia / por Alfonso Plazas Vega
250 _a2a ed. Mireya Fonseca Leal
260 _aBogotá : Panamericana Editorial
300 _a468 P.
500 _aincluye BibliografĂ­a
650 1 4 _aPresidentes-Colombia-1819-2002
942 _cLGB